The fauna of British India, including Ceylon and Burma. (Record no. 552744)
[ view plain ]
| 000 -LEADER | |
|---|---|
| fixed length control field | 00876cam a2200217Ka 4500 |
| 082 ## - DEWEY DECIMAL CLASSIFICATION NUMBER | |
| Classification number | 598 |
| Author Mark | BLA |
| 100 1# - MAIN ENTRY--PERSONAL NAME | |
| Personal name | Blanford, William Thomas, |
| 9 (RLIN) | 50008 |
| 245 14 - TITLE STATEMENT | |
| Title | The fauna of British India, including Ceylon and Burma. |
| Statement of responsibility, etc. | by W.T. Blanford. |
| 260 ## - PUBLICATION, DISTRIBUTION, ETC. | |
| Place of publication, distribution, etc. | London : |
| Name of publisher, distributor, etc. | Taylor and Francis, |
| Date of publication, distribution, etc. | 1888-1891. |
| 300 ## - PHYSICAL DESCRIPTION | |
| Extent | (xxi, 499 p.) : |
| Other physical details | ill. ; |
| Dimensions | 23 cm. |
| 490 1# - SERIES STATEMENT | |
| Series statement | Fauna of British India ; |
| 500 ## - GENERAL NOTE | |
| General note | "List of the principal works quoted in the synonymy": p. xi-xii. |
| 500 ## - GENERAL NOTE | |
| General note | Part 2 has publication date 1891 on cover. Title-page of pt. 2 lacks part number and has publication date 1888-91. |
| 526 ## - STUDY PROGRAM INFORMATION NOTE | |
| Program name | 0 |
| Interest level | 0 |
| Reading level | 0 |
| Title point value | 598_000000000000000_BLA |
| 650 #0 - SUBJECT ADDED ENTRY--TOPICAL TERM | |
| Topical term or geographic name entry element | Mammals |
| Geographic subdivision | Burma. |
| 9 (RLIN) | 50009 |
| 650 #0 - SUBJECT ADDED ENTRY--TOPICAL TERM | |
| Topical term or geographic name entry element | Mammals |
| Geographic subdivision | India. |
| 9 (RLIN) | 50010 |
| 650 #0 - SUBJECT ADDED ENTRY--TOPICAL TERM | |
| Topical term or geographic name entry element | Mammals |
| Geographic subdivision | Sri Lanka. |
| 9 (RLIN) | 50011 |
| 650 #0 - SUBJECT ADDED ENTRY--TOPICAL TERM | |
| Topical term or geographic name entry element | MCE |
| 9 (RLIN) | 379 |
| 856 40 - ELECTRONIC LOCATION AND ACCESS | |
| Uniform Resource Identifier | <a href="http://catalog.hathitrust.org/api/volumes/oclc/1113420.html">http://catalog.hathitrust.org/api/volumes/oclc/1113420.html</a> |
| 942 ## - ADDED ENTRY ELEMENTS (KOHA) | |
| Source of classification or shelving scheme | |
| Koha item type | Book |
| Withdrawn status | Lost status | Source of classification or shelving scheme | Damaged status | Not for loan | Permanent Location | Current Location | Shelving location | Date acquired | Total Checkouts | Full call number | Barcode | Date last seen | Price effective from | Koha item type | Public note |
|---|---|---|---|---|---|---|---|---|---|---|---|---|---|---|---|
| Military College of Engineering (MCE) | Military College of Engineering (MCE) | 01/21/2015 | 598 BLA | MCE-ECF/6.4 | 01/21/2015 | 01/21/2015 | Book | VOL - IV |
